|
|
|
|
| LEADER |
00000nab a22000001a 4500 |
| 001 |
vtls008986600 |
| 003 |
SK-MaSNL |
| 005 |
20260304181130.0 |
| 008 |
060416d19361101xo |r|p|||| |000 b|slo |
| 015 |
|
|
|a SNBRRBVU1918-1938
|
| 038 |
|
|
|a SNKBUCL
|
| 040 |
|
|
|a SNKBUVU
|b slo
|c SNKBUCL
|e AACR2
|
| 041 |
0 |
|
|a slo
|
| 044 |
|
|
|a xo
|c SK
|
| 080 |
|
|
|a 75.071.1
|x (048)
|2 1997
|
| 080 |
|
|
|a 929 Alexy, Janko
|2 1997
|
| 080 |
|
|
|a 82:929:821.162.4
|x (048)
|2 1997
|
| 080 |
|
|
|a 821.162.4
|x (048)
|2 1997
|
| 245 |
0 |
0 |
|a Janko Alexy, ecrivain, peintre Slovaque
|
| 500 |
|
|
|a V rubrike Knihy
|
| 600 |
1 |
7 |
|a Alexy, Janko,
|d 1894-1970
|2 MM
|9 103027
|
| 630 |
0 |
7 |
|a Florin, Theo H., 1908-1973
|t Janko Alexy, Écrivain et peintre Slovaque
|2 MM
|9 101317
|
| 650 |
0 |
7 |
|a slovenské maliarstvo
|2 MM
|9 3124
|
| 650 |
0 |
7 |
|a slovenská literatúra
|2 MM
|9 1115
|
| 650 |
0 |
7 |
|a monografie
|2 MM
|9 256509
|
| 651 |
|
7 |
|a Paríž (Francúzsko)
|2 MM
|9 23519
|
| 655 |
|
7 |
|a informačné publikácie
|2 MM
|9 70181
|
| 773 |
0 |
|
|t Krajan
|g Roč. 5, č. 21 (1.11.1936), s. 4
|
| 852 |
|
|
|a SNK
|b KIS3GCP
|
| 910 |
|
|
|a snkrbvumm
|
| 958 |
|
|
|a VY
|
| 958 |
|
|
|a BX
|
| 999 |
|
|
|c 3022073
|d 3024003
|